000 00253nam a2200097Ia 4500
001 763165
005 20250826165239.0
008 250824s9999 xx 000 0 und d
245 0 _aÖLÜLER KENTİND KOMPLO
_cFABİAN LENK
260 _bBEYAZ BALİNA YAYINLARI
999 _c763165
_d763165